| 000 | 00342nam a2200133Ia 4500 | ||
|---|---|---|---|
| 008 | 240624s9999 xx 000 0 und d | ||
| 041 | _aeng | ||
| 082 | _a332.632 NIS | ||
| 100 | _aNATIONAL INSTITUTE OF SECURITIES MARKETS NISM | ||
| 245 | _aISSUERS COMPLIANCE | ||
| 260 |
_c2016 _aNew Delhi _bTaxmann |
||
| 300 | _a248 : p. | ||
| 365 |
_cRS _b30 |
||
| 999 |
_c27912 _d27912 |
||